[Event "SLO-chT1 East"]
[Site "Slovenia"]
[Date "2017.11.26"]
[Round "9"]
[White "Gazvoda, Franc"]
[Black "Hercog, Nusa"]
[Result "1/2-1/2"]
[WhiteElo "1944"]
[BlackElo "2034"]
[PlyCount "60"]
[EventDate "2017.09.29"]
[EventType "team-tourn"]
[EventRounds "9"]
[EventCountry "SLO"]
[SourceTitle "EXT 2019"]
[Source "ChessBase"]
[SourceDate "2018.10.10"]
[SourceVersion "1"]
[SourceVersionDate "2018.10.10"]
[SourceQuality "1"]
[WhiteTeam "Sentjur"]
[BlackTeam "Celjski"]
[WhiteTeamCountry "SLO"]
[BlackTeamCountry "SLO"]

1. e4 c5 2. Nf3 e6 3. d4 cxd4 4. Nxd4 Nc6 5. Nxc6 bxc6 6. g3 d5 7. exd5 cxd5 8. Bb5+ Bd7 9. Bxd7+ Qxd7 10. 0-0 Nf6 11. Qf3 Rc8 12. c3 Be7 13. Be3 0-0 14. Bd4 Ne4 15. Qe3 Bc5 16. Bxc5 Nxc5 17. Nd2 Na4 18. Rab1 Rfe8 19. f4 h6 20. Nf3 Nb6 21. Ne5 Qd6 22. b3 Qc5 23. Qxc5 Rxc5 24. Rbc1 Rec8 25. Rf3 f6 26. Ng4 h5 27. Nf2 a5 28. Nd1 a4 29. Nb2 axb3 30. axb3 Rb5 1/2-1/2

[Event "SLO-chT1 East"]
[Site "Slovenia"]
[Date "2016.09.24"]
[Round "2"]
[White "Gazvoda, Franc"]
[Black "Novak, Ksenija"]
[Result "0-1"]
[WhiteElo "1984"]
[BlackElo "2107"]
[PlyCount "72"]
[EventDate "2016.09.23"]
[EventType "team-tourn"]
[EventRounds "9"]
[EventCountry "SLO"]
[SourceTitle "EXT 2019"]
[Source "ChessBase"]
[SourceDate "2018.10.10"]
[SourceVersion "1"]
[SourceVersionDate "2018.10.10"]
[SourceQuality "1"]
[WhiteTeam "Sentjur"]
[BlackTeam "Celjski"]
[WhiteTeamCountry "SLO"]
[BlackTeamCountry "SLO"]

1. e4 c5 2. Nf3 d6 3. d4 cxd4 4. Nxd4 Nf6 5. f3 e5 6. Bb5+ Nbd7 7. Nf5 d5 8. exd5 a6 9. Bxd7+ Qxd7 10. Ne3 b5 11. 0-0 Bb7 12. Re1 Bc5 13. Kh1 0-0 14. Nc3 Rfd8 15. Ne4 Bxe3 16. Nxf6+ gxf6 17. Bxe3 Bxd5 18. c3 Qf5 19. Qe2 Kh8 20. a4 Rg8 21. Bf2 Rad8 22. Bg3 Bc4 23. Qe4 Qxe4 24. Rxe4 Rd2 25. axb5 axb5 26. b4 Rgd8 27. Bh4 Rd1+ 28. Rxd1 Rxd1+ 29. Re1 Rd6 30. Bg3 Rd3 31. Kg1 Kg7 32. Rc1 Kg6 33. Be1 f5 34. Kf2 e4 35. Rc2 e3+ 36. Ke2 Rd2+ 0-1

[Event "SLO-chT1 East"]
[Site "Slovenia"]
[Date "2015.11.28"]
[Round "8"]
[White "Gazvoda, Franc"]
[Black "Krnjovsek, Andrej"]
[Result "1/2-1/2"]
[WhiteElo "1991"]
[BlackElo "1969"]
[PlyCount "58"]
[EventDate "2015.10.16"]
[EventType "team-tourn"]
[EventRounds "9"]
[EventCountry "SLO"]
[SourceTitle "EXT 2019"]
[Source "ChessBase"]
[SourceDate "2018.10.10"]
[SourceVersion "1"]
[SourceVersionDate "2018.10.10"]
[SourceQuality "1"]
[WhiteTeam "Sentjur"]
[BlackTeam "Slovenj Gradec"]
[WhiteTeamCountry "SLO"]
[BlackTeamCountry "SLO"]

1. e4 e5 2. Nf3 Nc6 3. Bc4 Bc5 4. c3 Nf6 5. d4 exd4 6. cxd4 Bb4+ 7. Bd2 Bxd2+ 8. Nbxd2 d5 9. exd5 Nxd5 10. Qe2+ Nce7 11. 0-0 0-0 12. Rfe1 Bg4 13. Qe4 Bxf3 14. Nxf3 c6 15. h4 Re8 16. Ng5 Ng6 17. Qf5 Qf6 18. Qd7 Re7 19. Rxe7 Qxe7 20. Qxe7 Ngxe7 21. Re1 h6 22. Nf3 Kf8 23. g4 Rd8 24. Rd1 Ng6 25. Rd2 Ngf4 26. Kf1 Ng6 27. Kg1 Ngf4 28. Kf1 Ng6 29. Kg1 Ngf4 1/2-1/2

[Event "SLO-chT1 East"]
[Site "Slovenia"]
[Date "2015.11.07"]
[Round "5"]
[White "Gazvoda, Franc"]
[Black "Pavic, Filip"]
[Result "0-1"]
[WhiteElo "1991"]
[BlackElo "2177"]
[PlyCount "46"]
[EventDate "2015.10.16"]
[EventType "team-tourn"]
[EventRounds "9"]
[EventCountry "SLO"]
[SourceTitle "EXT 2019"]
[Source "ChessBase"]
[SourceDate "2018.10.10"]
[SourceVersion "1"]
[SourceVersionDate "2018.10.10"]
[SourceQuality "1"]
[WhiteTeam "Sentjur"]
[BlackTeam "Zalec"]
[WhiteTeamCountry "SLO"]
[BlackTeamCountry "SLO"]

1. e4 c5 2. Nf3 d6 3. d4 cxd4 4. Nxd4 Nf6 5. f3 e5 6. Bb5+ Bd7 7. Bxd7+ Qxd7 8. Nb3 d5 9. exd5 Nxd5 10. a3 Be7 11. Bd2 Bh4+ 12. g3 Be7 13. Nc3 Nc6 14. Nxd5 Qxd5 15. Be3 Qe6 16. 0-0 h5 17. f4 h4 18. f5 Qc4 19. g4 Qe4 20. Re1 h3 21. Qe2 Rh4 22. Qf1 Rxg4+ 23. Kf2 Rg2+ 0-1

[Event "Kozje op 1st"]
[Site "Kozje"]
[Date "2014.08.28"]
[Round "2"]
[White "Gazvoda, Franc"]
[Black "Markosek, Maj"]
[Result "1-0"]
[WhiteElo "2025"]
[BlackElo "1756"]
[PlyCount "95"]
[EventDate "2014.08.28"]
[EventType "swiss"]
[EventRounds "9"]
[EventCountry "SLO"]
[SourceTitle "EXT 2019"]
[Source "ChessBase"]
[SourceDate "2018.10.10"]
[SourceVersion "1"]
[SourceVersionDate "2018.10.10"]
[SourceQuality "1"]

1. e4 c6 2. d4 d5 3. Nc3 dxe4 4. Nxe4 Nd7 5. Bd3 Ngf6 6. Ng5 e6 7. c3 Bd6 8. N1f3 h6 9. Ne4 Nxe4 10. Bxe4 Nf6 11. Bc2 Qc7 12. 0-0 g5 13. Re1 b6 14. Ne5 Bb7 15. Qf3 Bxe5 16. Rxe5 Nd7 17. Re2 Rf8 18. b3 0-0-0 19. Ba3 c5 20. Be4 Ba6 21. c4 f5 22. Ba8 Rfe8 23. dxc5 Nxc5 24. Qc6 Nd3 25. Bd6 Qxc6 26. Bxc6 Rh8 27. Rxe6 Bb7 28. Bxb7+ Kxb7 29. g3 Rh7 30. Rd1 Nc5 31. Rg6 Rhd7 32. f3 a5 33. Rd5 Na6 34. a3 g4 35. Rxh6 Ka8 36. Kf2 Ka7 37. Ke3 b5 38. c5 Nc7 39. Rxf5 Ne8 40. fxg4 Ng7 41. Re5 Ka8 42. Ke4 Rf7 43. c6 Ne8 44. c7 Rc8 45. Rxb5 Nf6+ 46. Kd4 Ka7 47. Kc5 Nxg4 48. Kc6 1-0

[Event "SLO-chT1 Ost"]
[Site "Maribor"]
[Date "2012.10.20"]
[Round "8"]
[White "Gazvoda, Franc"]
[Black "Pihler, Damjan"]
[Result "1-0"]
[WhiteElo "2041"]
[BlackElo "1982"]
[PlyCount "81"]
[EventDate "2012.10.11"]
[EventType "team-tourn"]
[EventRounds "9"]
[EventCountry "SLO"]
[SourceTitle "EXT 2022"]
[Source "ChessBase"]
[SourceDate "2021.10.06"]
[SourceVersion "1"]
[SourceVersionDate "2021.10.06"]
[SourceQuality "1"]

1. e4 c5 2. Nf3 Nc6 3. d4 cxd4 4. Nxd4 d5 5. Bb5 dxe4 6. Nxc6 Qxd1+ 7. Kxd1 a6 8. Nc3 axb5 9. Nd4 e5 10. Ndxb5 Bg4+ 11. Ke1 0-0-0 12. Be3 Bd7 13. Bb6 Re8 14. Nc7 Re6 15. Nxe6 Bxe6 16. Nxe4 Be7 17. Bc5 f5 18. Bxe7 Nxe7 19. Nc3 Nc6 20. a3 Rd8 21. Rd1 Nd4 22. Rd2 g5 23. Ne2 Nc6 24. Rxd8+ Kxd8 25. Kd2 Ke7 26. f3 Na5 27. b3 b6 28. h4 g4 29. Nc3 Nc6 30. fxg4 fxg4 31. Re1 Kf6 32. Ne4+ Kf5 33. Kd3 Bd5 34. Rf1+ Ke6 35. Rf6+ Ke7 36. Rh6 Nd4 37. Rxh7+ Ke6 38. Rh6+ Ke7 39. Rxb6 Nxc2 40. Nf6 Ne1+ 41. Ke2 1-0

[Event "SLO-chT1 Ost"]
[Site "Maribor"]
[Date "2012.10.13"]
[Round "3"]
[White "Breznik, Kristijan"]
[Black "Gazvoda, Franc"]
[Result "1-0"]
[WhiteElo "2161"]
[BlackElo "2041"]
[PlyCount "79"]
[EventDate "2012.10.11"]
[EventType "team-tourn"]
[EventRounds "9"]
[EventCountry "SLO"]
[SourceTitle "EXT 2022"]
[Source "ChessBase"]
[SourceDate "2021.10.06"]
[SourceVersion "1"]
[SourceVersionDate "2021.10.06"]
[SourceQuality "1"]

1. e4 c5 2. Nf3 e6 3. d4 cxd4 4. Nxd4 Nf6 5. Nc3 Nc6 6. Ndb5 d6 7. Bf4 e5 8. Bg5 a6 9. Na3 b5 10. Bxf6 gxf6 11. Nd5 Bg7 12. c3 0-0 13. Nc2 f5 14. exf5 Bxf5 15. Nce3 Be6 16. Qh5 f5 17. Bd3 e4 18. Bc2 b4 19. Nf4 Bf7 20. Qxf5 Ne7 21. Qxe4 Ng6 22. Ne6 Bxe6 23. Qxe6+ Kh8 24. Qh3 Qf6 25. 0-0 bxc3 26. bxc3 Nh4 27. Rad1 Qh6 28. Kh1 Rae8 29. Ng4 Qg5 30. g3 Ng6 31. f4 Qe7 32. Bxg6 Qb7+ 33. Kg1 Qa7+ 34. Nf2 Bxc3 35. Bxe8 Rxe8 36. Rxd6 Bd4 37. Qd7 Bxf2+ 38. Rxf2 Re1+ 39. Kg2 Qa8+ 40. Qc6 1-0

[Event "Ljubljana Summer op II"]
[Site "Ljubljana"]
[Date "2012.08.05"]
[Round "5"]
[White "Gazvoda, Franc"]
[Black "Markocic, Spela"]
[Result "1-0"]
[WhiteElo "2052"]
[BlackElo "1505"]
[PlyCount "65"]
[EventDate "2012.08.03"]
[EventType "swiss"]
[EventRounds "5"]
[EventCountry "SLO"]
[SourceTitle "EXT 2023"]
[Source "ChessBase"]
[SourceDate "2022.10.05"]
[SourceVersion "1"]
[SourceVersionDate "2022.10.05"]
[SourceQuality "1"]

1. e4 c5 2. Nf3 Nc6 3. d4 cxd4 4. Nxd4 g6 5. c4 Bg7 6. Be3 Nf6 7. Nc3 0-0 8. f3 d6 9. Qd2 a6 10. Be2 Nd7 11. Nd5 Nde5 12. 0-0 Be6 13. Nc3 Rc8 14. Rac1 Qd7 15. Nxe6 Qxe6 16. Nd5 Nd7 17. b4 Qe5 18. Rfd1 e6 19. Nb6 Nxb6 20. Bxb6 Rfe8 21. b5 axb5 22. cxb5 Ne7 23. Rc7 d5 24. Rxb7 dxe4 25. fxe4 Qxe4 26. Bf3 Qa4 27. Bf2 Bc3 28. Qd7 Qxa2 29. b6 Be5 30. Ra7 Qb3 31. b7 Rb8 32. Ra8 Nf5 33. Ba7 1-0

[Event "Ljubljana Summer op II"]
[Site "Ljubljana"]
[Date "2012.08.04"]
[Round "3"]
[White "Gazvoda, Franc"]
[Black "Krejic, Nik"]
[Result "1-0"]
[WhiteElo "2052"]
[BlackElo "1479"]
[PlyCount "59"]
[EventDate "2012.08.03"]
[EventType "swiss"]
[EventRounds "5"]
[EventCountry "SLO"]
[SourceTitle "EXT 2023"]
[Source "ChessBase"]
[SourceDate "2022.10.05"]
[SourceVersion "1"]
[SourceVersionDate "2022.10.05"]
[SourceQuality "1"]

1. e4 d5 2. exd5 Qxd5 3. Nc3 Qd6 4. d4 Nf6 5. Nf3 c6 6. Be3 Bf5 7. Bd3 Bxd3 8. Qxd3 e6 9. 0-0 Qc7 10. Rfe1 Bd6 11. Bg5 Nd5 12. Ne4 0-0 13. c4 Nf4 14. Qd2 Ng6 15. Nxd6 Qxd6 16. Rad1 Nd7 17. h4 f6 18. Be3 Rfe8 19. h5 Ne7 20. Bf4 e5 21. dxe5 Qxd2 22. Rxd2 Nxe5 23. Nxe5 fxe5 24. Rxe5 Kf8 25. Rd7 Ng8 26. Rf5+ Nf6 27. h6 Re7 28. hxg7+ Kf7 29. Rxe7+ Kxe7 30. Bg5 1-0

[Event "EU-chT Seniors"]
[Site "Rogaska Slatina"]
[Date "2012.04.03"]
[Round "8.14"]
[White "Gazvoda, Franc"]
[Black "Lindner, Jan Joost"]
[Result "1/2-1/2"]
[WhiteElo "2075"]
[BlackElo "2150"]
[PlyCount "25"]
[EventDate "2012.03.27"]
[EventType "team-swiss"]
[EventRounds "9"]
[EventCountry "SLO"]
[SourceTitle "CBM 147 Extra"]
[Source "ChessBase"]
[SourceDate "2012.04.24"]
[SourceVersion "1"]
[SourceVersionDate "2012.04.24"]
[SourceQuality "1"]
[WhiteTeam "Celje Sentjur (Seniors)"]
[BlackTeam "Discendo Discimus (Seniors)"]
[WhiteTeamCountry "SLO"]
[BlackTeamCountry "NED"]

1. e4 e6 2. d4 d5 3. Nd2 Nf6 4. e5 Nfd7 5. Bd3 c5 6. c3 b6 7. Ne2 Ba6 8. Bxa6 Nxa6 9. 0-0 Nc7 10. a4 Be7 11. Ng3 g6 12. Nf3 h5 13. h3 1/2-1/2

[Event "EU-chT Seniors"]
[Site "Rogaska Slatina"]
[Date "2012.04.02"]
[Round "7.16"]
[White "Gazvoda, Franc"]
[Black "Kirmas, Joachim"]
[Result "1-0"]
[WhiteElo "2075"]
[BlackElo "2050"]
[PlyCount "64"]
[EventDate "2012.03.27"]
[EventType "team-swiss"]
[EventRounds "9"]
[EventCountry "SLO"]
[SourceTitle "CBM 147 Extra"]
[Source "ChessBase"]
[SourceDate "2012.04.24"]
[SourceVersion "1"]
[SourceVersionDate "2012.04.24"]
[SourceQuality "1"]
[WhiteTeam "Celje Sentjur (Seniors)"]
[BlackTeam "Sachsen Anhalt Seniors"]
[WhiteTeamCountry "SLO"]
[BlackTeamCountry "GER"]

1. e4 e5 2. Nf3 d6 3. Bc4 Nc6 4. c3 Bg4 5. Qb3 Qd7 6. Qxb7 Rb8 7. Qa6 Bxf3 8. gxf3 Be7 9. Bb5 Rb6 10. Bxc6 Rxc6 11. Qxa7 Qh3 12. Qa4 Kd7 13. Ke2 h5 14. d4 Qg2 15. Rf1 Bh4 16. d5 Ne7 17. dxc6+ Nxc6 18. Be3 g5 19. Nd2 Rg8 20. Rg1 Qh3 21. c4 Rb8 22. Nb3 g4 23. fxg4 hxg4 24. Nd2 Rxb2 25. Rab1 Qf3+ 26. Kd3 Bxf2 27. Rg3 Bxg3 28. hxg3 Rxd2+ 29. Kxd2 Qxe4 30. Rf1 f5 31. Qc2 Qxc2+ 32. Kxc2 Ke6 1-0

[Event "Wch Seniors 21st"]
[Site "Rijeka"]
[Date "2011.11.18"]
[Round "4"]
[White "Dragasevic, Srdjan"]
[Black "Gazvoda, Franc"]
[Result "1-0"]
[WhiteElo "2256"]
[BlackElo "2093"]
[PlyCount "87"]
[EventDate "2011.11.15"]
[EventType "swiss"]
[EventRounds "11"]
[EventCountry "CRO"]
[SourceTitle "CBM 145 Extra"]
[Source "ChessBase"]
[SourceDate "2012.01.03"]
[SourceVersion "1"]
[SourceVersionDate "2012.01.03"]
[SourceQuality "1"]

1. d4 d5 2. Bg5 Bf5 3. e3 Nd7 4. c4 dxc4 5. Bxc4 Nb6 6. Bb3 c6 7. Nc3 Nf6 8. Nge2 h6 9. Bh4 Nbd5 10. 0-0 Qd7 11. Nxd5 Nxd5 12. Nc3 Nxc3 13. bxc3 e6 14. Qe2 Be7 15. Bg3 0-0 16. e4 Bh7 17. Rfe1 Bd6 18. Qe3 Bxg3 19. Qxg3 a5 20. a3 b5 21. Qe5 Rfd8 22. f3 Qd6 23. Qxd6 Rxd6 24. Red1 Kf8 25. Kf2 Ke7 26. Ke3 f6 27. f4 Bg8 28. e5 fxe5 29. dxe5 Rdd8 30. Rxd8 Rxd8 31. Rd1 Rb8 32. Kd4 b4 33. cxb4 axb4 34. a4 Kd7 35. Kc5+ Kc7 36. Rd6 Rb6 37. f5 Bf7 38. fxe6 Be8 39. e7 Rb8 40. a5 Rb5+ 41. Kd4 Rb8 42. a6 Bd7 43. a7 Ra8 44. Be6 1-0

[Event "Wch Seniors 21st"]
[Site "Rijeka"]
[Date "2011.11.15"]
[Round "1"]
[White "Gazvoda, Franc"]
[Black "Fradkin, Boris"]
[Result "0-1"]
[WhiteElo "2093"]
[BlackElo "2445"]
[PlyCount "80"]
[EventDate "2011.11.15"]
[EventType "swiss"]
[EventRounds "11"]
[EventCountry "CRO"]
[SourceTitle "CBM 145 Extra"]
[Source "ChessBase"]
[SourceDate "2012.01.03"]
[SourceVersion "1"]
[SourceVersionDate "2012.01.03"]
[SourceQuality "1"]

1. e4 c6 2. d4 d5 3. Nc3 dxe4 4. Nxe4 Nd7 5. Ng5 Ngf6 6. Bd3 Nb6 7. c3 h6 8. Ne4 e6 9. Nf3 Nxe4 10. Bxe4 Bd6 11. 0-0 Qf6 12. Re1 Bd7 13. a4 0-0 14. Ne5 Qe7 15. Bc2 Be8 16. Qd3 f5 17. Bb3 Bxe5 18. Rxe5 Bf7 19. Qe2 Rfe8 20. Bc2 Nd7 21. Re3 Qd6 22. Rg3 e5 23. Bxf5 exd4 24. Qf1 Nf6 25. cxd4 Qxd4 26. Bxh6 Nh5 27. Rg4 Qf6 28. Bc2 Qxh6 29. Qd3 Rad8 30. Qc3 Qd2 31. Bb3 Qxc3 32. Bxf7+ Kxf7 33. bxc3 Rd2 34. Rb4 b6 35. g4 Nf6 36. Rf4 Re4 37. Rxe4 Nxe4 38. a5 Nxc3 39. axb6 axb6 40. Ra7+ Kf6 0-1

[Event "Sentjur Ipavec Memorial-A 12th"]
[Site "Sentjur"]
[Date "2011.09.20"]
[Round "8"]
[White "Kobold, Andrej"]
[Black "Gazvoda, Franc"]
[Result "1/2-1/2"]
[WhiteElo "1888"]
[BlackElo "2110"]
[PlyCount "72"]
[EventDate "2011.09.14"]
[EventType "swiss"]
[EventRounds "9"]
[EventCountry "SLO"]
[SourceTitle "CBM 144 Extra"]
[Source "ChessBase"]
[SourceDate "2011.10.28"]
[SourceVersion "1"]
[SourceVersionDate "2011.10.28"]
[SourceQuality "1"]

1. e4 c5 2. Nf3 e6 3. d4 cxd4 4. Nxd4 Nf6 5. Nc3 Nc6 6. Ndb5 d6 7. Bf4 e5 8. Bg5 a6 9. Na3 b5 10. Nd5 Be7 11. Bxf6 Bxf6 12. c4 b4 13. Nc2 a5 14. b3 Bg5 15. Bd3 0-0 16. 0-0 Be6 17. f4 exf4 18. Nxf4 Bf6 19. Rb1 Be5 20. Be2 Qh4 21. Qd2 Qh6 22. Rbd1 f5 23. g3 fxe4 24. Nxe6 Qxe6 25. c5 Kh8 26. cxd6 Rfd8 27. d7 Bf6 28. Bc4 Qe7 29. Qd5 Ne5 30. Ne3 Nxd7 31. Nf5 Qc5+ 32. Qxc5 Nxc5 33. Nd6 Rf8 34. Nf7+ Kg8 35. Nh6+ Kh8 36. Nf7+ Kg8 1/2-1/2